[Event "Open d'Aubagne 2018-2019"]
[Site "Aubagne"]
[Date "2018.11.24"]
[Round "3.1"]
[White "Strate, Francois"]
[Black "Daumas, Alain"]
[Result "0-1"]
[WhiteElo "1406"]
[BlackElo "1571"]
[PlyCount "88"]
[EventDate "2018.??.??"]
[WhiteTeam "Sanary Echecs"]
[BlackTeam "Club d'Echecs Pennois (CEP)"]

1. d4 d5 2. c4 e6 3. Nc3 Nf6 4. Bg5 Nbd7 5. e3 Be7 6. Nf3 O-O 7. Bd3 c5 8. cxd5
Nxd5 9. Bxe7 Qxe7 10. O-O N5f6 11. Qc2 Rd8 12. Rfe1 cxd4 13. Nxd4 Ne5 14. Bf1
Bd7 15. Rad1 Rac8 16. f4 Ng6 17. Bd3 Nf8 18. Nf3 Qc5 19. Rc1 Nd5 20. Nxd5 Qxd5
21. Bc4 Qa5 22. Qf2 Ng6 23. Red1 Qc5 24. Rc3 Qb6 25. Rdc1 a6 26. Bd3 Rxc3 27.
Rxc3 Bc6 28. Nd4 Ne7 29. Qh4 Ng6 30. Bxg6 hxg6 31. Qf2 Be4 32. h3 Qa5 33. a3 e5
34. fxe5 Qxe5 35. Qh4 g5 36. Qf2 f5 37. b4 f4 38. Rc5 fxe3 39. Qxe3 Qxd4 40.
Qxd4 Rxd4 41. Rxg5 Rd3 42. Re5 Bc6 43. Kh2 Rxa3 44. h4 Rb3 0-1

[Event "Open d'Aubagne 2018-2019"]
[Site "Aubagne"]
[Date "2018.11.24"]
[Round "3.2"]
[White "Normand, Christophe"]
[Black "Tchifteyan, Philippe"]
[Result "0-1"]
[WhiteElo "1399"]
[BlackElo "1532"]
[PlyCount "69"]
[EventDate "2018.??.??"]
[WhiteTeam "Cercle d'Echecs Aubagnais"]
[BlackTeam "Cercle d'Echecs Aubagnais"]

1. e4 c5 2. Nf3 Nc6 3. Bc4 e6 4. c3 d5 5. exd5 exd5 6. Be2 Bd6 7. d4 c4 8. O-O
Nge7 9. Bg5 Be6 10. a4 a6 11. Nbd2 O-O 12. Bxe7 Nxe7 13. Ng5 Bd7 14. Bg4 f5 15.
Bh3 h6 16. Ngf3 g5 17. Nxg5 hxg5 18. Qh5 g4 19. Qg5+ Kh7 20. Qh5+ Kg7 21. Qg5+
Ng6 22. Qxd8 Raxd8 23. Bxg4 fxg4 24. g3 Rde8 25. Kg2 Re2 26. Rad1 Bxa4 27. Ra1
Rxd2 28. Rxa4 Rxb2 29. Ra5 Rf5 30. Raa1 Rf3 31. Ra5 Ne7 32. Raa1 Rxc3 33. Rae1
Nf5 34. Kh1 Kf6 35. Re8 0-1

[Event "Open d'Aubagne 2018-2019"]
[Site "Aubagne"]
[Date "2018.11.24"]
[Round "3.3"]
[White "Hunault, Francis"]
[Black "Cotton, Paul"]
[Result "0-1"]
[WhiteElo "1467"]
[BlackElo "1395"]
[PlyCount "85"]
[EventDate "2018.??.??"]
[WhiteTeam "Cercle d'Echecs Aubagnais"]
[BlackTeam "Cercle d'Echecs Aubagnais"]

1. d4 Nf6 2. Bf4 d6 3. Nc3 Nbd7 4. e4 c5 5. e5 cxd4 6. exf6 dxc3 7. fxg7 Bxg7
8. b3 b6 9. Qf3 Rb8 10. Qg3 Rg8 11. Nf3 Nf6 12. Bd3 Nh5 13. Qh4 Nxf4 14. Qxf4
h6 15. Qa4+ Kf8 16. Qh4 Bb7 17. Rg1 e5 18. Qxd8+ Rxd8 19. Nh4 e4 20. Be2 Bc8
21. g3 Bf6 22. Ng2 d5 23. O-O-O Be6 24. f4 d4 25. f5 Bxf5 26. Nf4 Bg5 27. Rgf1
Bh3 28. Rfe1 Bf5 29. h4 Bxf4+ 30. gxf4 Bg4 31. Bxg4 Rxg4 32. Rxe4 Rxh4 33.
Rexd4 Rxd4 34. Rxd4 Rh1+ 35. Rd1 Rxd1+ 36. Kxd1 b5 37. Ke2 Ke7 38. Kf3 Ke6 39.
Kg4 Kf6 40. b4 Kg6 41. f5+ Kf6 42. Kh5 Kxf5 43. Kxh6 0-1

[Event "Open d'Aubagne 2018-2019"]
[Site "Aubagne"]
[Date "2018.11.24"]
[Round "3.4"]
[White "Gomez, Jean-Luc"]
[Black "Piquemal, Maxence"]
[Result "0-1"]
[WhiteElo "1335"]
[BlackElo "1453"]
[PlyCount "103"]
[EventDate "2018.??.??"]
[WhiteTeam "La Tour Hyéroise"]
[BlackTeam "Marseille-Echecs"]

1. d4 d5 2. Bf4 Nf6 3. Nf3 e6 4. e3 c5 5. c3 Nc6 6. Be2 Bd6 7. Bxd6 Qxd6 8.
Nbd2 e5 9. dxc5 Qxc5 10. Nb3 Qe7 11. h3 h6 12. Qd2 a5 13. a4 Be6 14. Qc2 O-O
15. O-O Rfc8 16. Qd2 Rd8 17. Bb5 Qd6 18. Bxc6 bxc6 19. Nc1 c5 20. Rd1 e4 21.
Ne1 Qe5 22. Ne2 g5 23. f4 exf3 24. Nxf3 Qd6 25. Qc2 Qc7 26. Rac1 Rab8 27. Nd2
Qe5 28. Nf1 Bf5 29. Qd2 Ne4 30. Qe1 Rxb2 31. c4 Rb4 32. Nc3 Rxc4 33. Nxe4 Rxc1
34. Rxc1 dxe4 35. Qxa5 Re8 36. Qb5 Qe7 37. Rc4 Qa7 38. Nd2 Bd7 39. Qb1 Be6 40.
Rc3 Qxa4 41. Kf2 Qb4 42. Qc1 Bd5 43. Qc2 Re6 44. Qc1 f6 45. Kg1 Rc6 46. Kf2 Qb5
47. Kg1 Qe2 48. Nb3 Bxb3 49. Rxb3 Rc8 50. Rb2 Qd3 51. Kh1 c4 52. Qd2 0-1

[Event "Open d'Aubagne 2018-2019"]
[Site "Aubagne"]
[Date "2018.11.24"]
[Round "3.5"]
[White "Avedissian, Andre"]
[Black "Pouyet, Alain"]
[Result "0-1"]
[WhiteElo "1362"]
[BlackElo "1449"]
[PlyCount "66"]
[EventDate "2018.??.??"]
[WhiteTeam "Marseille-Echecs"]
[BlackTeam "Club Provence Echecs"]

1. d4 e6 2. c4 Nf6 3. a3 b6 4. Nc3 Bb7 5. e3 Be7 6. f3 d6 7. Bd3 a6 8. Nge2 c5
9. Qc2 Nbd7 10. b3 Rc8 11. Ng3 Qc7 12. Bb2 cxd4 13. exd4 d5 14. Rc1 Bd6 15. Kf2
O-O 16. Nce2 Qb8 17. Qd2 h6 18. Rhe1 Rfe8 19. Rc2 Nh7 20. Bxh7+ Kxh7 21. Qd3+
Kg8 22. Kf1 Nf6 23. Kf2 a5 24. a4 Ba6 25. Rec1 Rc7 26. Qd2 Rec8 27. Ke1 dxc4
28. bxc4 Bxc4 29. Qe3 Nd5 30. Qe4 Bb3 31. Rxc7 Rxc7 32. Rxc7 Qxc7 33. Qd3 Bxa4
0-1

[Event "Open d'Aubagne 2018-2019"]
[Site "Aubagne"]
[Date "2018.11.24"]
[Round "3.6"]
[White "Guidini, Rene"]
[Black "Hassaine, Rachid"]
[Result "0-1"]
[WhiteElo "1442"]
[BlackElo "1356"]
[PlyCount "158"]
[EventDate "2018.??.??"]
[WhiteTeam "Cercle d'Echecs Aubagnais"]
[BlackTeam "Cercle d'Echecs Aubagnais"]

1. e4 e5 2. Nf3 d6 3. d4 exd4 4. Qxd4 Nd7 5. Bc4 Qf6 6. Qd1 Ne5 7. Nxe5 dxe5 8.
Nc3 Bc5 9. Qe2 Ne7 10. O-O c6 11. Kh1 Ng6 12. Bd2 h5 13. h3 Bd7 14. Nd1 O-O-O
15. b4 Bg4 16. f3 Bxh3 17. bxc5 Bd7 18. Be1 h4 19. Rb1 h3 20. g3 Be6 21. Ba6
bxa6 22. Qxa6+ Kd7 23. Rb7+ Ke8 24. Qxc6+ Kf8 25. Ne3 Kg8 26. Rxa7 Qg5 27. Bf2
Rd2 28. Ra8+ Nf8 29. Rxf8+ Kxf8 30. Qa8+ Ke7 31. Qa3 Kf6 32. Nd5+ Bxd5 33. exd5
Kg6 34. Qe3 Qxe3 35. Bxe3 Rxd5 36. a4 Ra8 37. Ra1 Kf5 38. a5 Ra6 39. Kh2 e4 40.
g4+ Ke5 41. f4+ Ke6 42. Kxh3 Rd8 43. Kg3 Rb8 44. f5+ Kd7 45. Ra2 Rb5 46. Bd2
Rxc5 47. Kf4 Rc4 48. Be3 f6 49. Bb6 Kc6 50. Be3 Kb5 51. Bd2 e3+ 52. Kxe3 Rxg4
53. Kf3 Ra4 54. Rb2+ Kc6 55. Be1 Ra1 56. Bd2 Rf1+ 57. Kg4 Rd1 58. Bc3 Rd5 59.
Rb8 Rc5 60. Be1 Kd5 61. Rg8 Ke4 62. Rxg7 Rxf5 63. Re7+ Re5 64. Rxe5+ Kxe5 65.
Bc3+ Ke6 66. Kf4 Rc6 67. Bd4 Rxc2 68. a6 Ra2 69. a7 Ra4 70. Ke3 Kf5 71. Kf2 Kf4
72. Kg2 f5 73. Kf2 Kg4 74. Kg2 f4 75. Kg1 f3 76. Bf2 Kh3 77. Bd4 Kg3 78. Bf2+
Kf4 79. Kh2 Ra6 0-1

[Event "Open d'Aubagne 2018-2019"]
[Site "Aubagne"]
[Date "2018.11.24"]
[Round "3.7"]
[White "Soulet, Julia"]
[Black "Tramarin, Matteo"]
[Result "1/2-1/2"]
[WhiteElo "1420"]
[BlackElo "1322"]
[PlyCount "92"]
[EventDate "2018.??.??"]
[WhiteTeam "Marseille-Echecs"]
[BlackTeam "La Ciotat Echecs (LCE)"]

1. d4 Nf6 2. c4 e5 3. dxe5 Ng4 4. e3 Nxe5 5. f4 Nec6 6. Nf3 Bc5 7. Bd3 d6 8.
O-O O-O 9. Kh1 Bg4 10. Qc2 f5 11. h3 Bxf3 12. Rxf3 Ne7 13. Rg3 Rf7 14. e4 Qf8
15. Nc3 Nbc6 16. Nd5 Nxd5 17. exd5 Nd4 18. Qc3 Re8 19. Be3 Nb5 20. Qd2 Bxe3 21.
Rxe3 Nd4 22. Rae1 Rfe7 23. Rxe7 Rxe7 24. Rxe7 Qxe7 25. Qf2 Qf6 26. b3 g6 27. g4
b6 28. Be2 Kf8 29. gxf5 Nxf5 30. Bg4 Nd4 31. h4 h5 32. Bh3 c5 33. Kg2 Qe7 34.
Kf1 Qe4 35. Bd7 Qh1+ 36. Qg1 Qxh4 37. Qe3 Qh1+ 38. Kf2 Qh2+ 39. Kf1 Qxa2 40.
Qe8+ Kg7 41. Qe7+ Kh6 42. Qf8+ Kh7 43. Qf7+ Kh6 44. Qf8+ Kh7 45. Qf7+ Kh6 46.
Qf8+ Kh7 1/2-1/2

[Event "Open d'Aubagne 2018-2019"]
[Site "Aubagne"]
[Date "2018.11.24"]
[Round "3.8"]
[White "Cayrou, Fabien"]
[Black "Rocchia, Alex"]
[Result "1-0"]
[WhiteElo "1411"]
[BlackElo "1289"]
[PlyCount "75"]
[EventDate "2018.??.??"]
[WhiteTeam "Marseille-Echecs"]
[BlackTeam "Cercle d'Echecs Aubagnais"]

1. d4 e6 2. e4 c5 3. c3 d5 4. Bd3 c4 5. Bc2 Nf6 6. Nd2 Be7 7. Ngf3 O-O 8. O-O
Nc6 9. b3 b5 10. Bb2 a5 11. Re1 Re8 12. a4 cxb3 13. Bxb3 b4 14. c4 dxc4 15.
Bxc4 Ba6 16. Rc1 Qb6 17. d5 Nd8 18. Bd4 Qb8 19. Be5 Qb6 20. Bc7 Qxc7 21. Bxa6
Qa7 22. Bb5 Rf8 23. Nb3 Nb7 24. Nfd4 Nc5 25. Nc6 Qc7 26. Nxe7+ Qxe7 27. Rxc5
Rac8 28. Rxc8 Rxc8 29. Nxa5 Rc3 30. Nc6 Qd6 31. e5 Qxd5 32. exf6 Qxd1 33. Rxd1
gxf6 34. Nxb4 f5 35. g3 Kg7 36. Ra1 Rb3 37. a5 Rxb4 38. a6 1-0

[Event "Open d'Aubagne 2018-2019"]
[Site "Aubagne"]
[Date "2018.11.24"]
[Round "3.9"]
[White "Roche, Alain"]
[Black "Reynaud, Jacques"]
[Result "1-0"]
[WhiteElo "1316"]
[BlackElo "1409"]
[PlyCount "57"]
[EventDate "2018.??.??"]
[WhiteTeam "Echiquier Marseillais 1872"]
[BlackTeam "Cercle d'Echecs Aubagnais"]

1. e4 e5 2. Nf3 d6 3. Bc4 h6 4. c3 Nf6 5. d4 exd4 6. Qb3 Qd7 7. O-O Nc6 8. cxd4
Na5 9. Qd3 Nxc4 10. Qxc4 Be7 11. e5 d5 12. Qd3 Ne4 13. Nc3 Nxc3 14. bxc3 O-O
15. Re1 b5 16. e6 fxe6 17. Ne5 Qe8 18. Re3 Rf4 19. Rh3 Re4 20. Bxh6 Bf6 21. f3
Rh4 22. Rxh4 Bxh4 23. Bf4 Bf6 24. Re1 a5 25. Ng4 c6 26. Be5 Qe7 27. Qg6 Bxe5
28. Rxe5 Ra7 29. Rh5 1-0

[Event "Open d'Aubagne 2018-2019"]
[Site "Aubagne"]
[Date "2018.11.24"]
[Round "3.10"]
[White "Pietrac, Christian"]
[Black "Ganier, Philippe"]
[Result "0-1"]
[WhiteElo "1256"]
[BlackElo "1606"]
[PlyCount "114"]
[EventDate "2018.??.??"]
[WhiteTeam "Club d'Echecs de Miramas"]
[BlackTeam "La Ciotat Echecs (LCE)"]

1. c4 g6 2. Nc3 Bg7 3. g3 Nf6 4. Bg2 d6 5. Nf3 c6 6. d3 O-O 7. O-O Qc7 8. Re1
Bg4 9. a3 a5 10. Rb1 Nfd7 11. h3 Bxf3 12. exf3 Re8 13. f4 e5 14. Ne4 Na6 15. b4
axb4 16. axb4 Rad8 17. Be3 d5 18. cxd5 cxd5 19. Nc5 Naxc5 20. bxc5 d4 21. Rxb7
Qxc5 22. Bd2 Nf6 23. Qb3 Nd7 24. Bd5 Rf8 25. Bb4 Qc8 26. Bxf8 Rxf8 27. fxe5 Nc5
28. Bxf7+ Kh8 29. Qd5 Qxb7 30. Qxb7 Nxb7 31. e6 Nd6 32. e7 Rxf7 33. e8=Q+ Nxe8
34. Rxe8+ Rf8 35. Re4 h6 36. h4 Rf3 37. Re6 Kh7 38. Kg2 Rxd3 39. Rd6 h5 40. Rd5
Kh6 41. Kf1 Rd2 42. Ke1 Ra2 43. Rd6 Ra8 44. Ke2 Rf8 45. Rd5 Rf5 46. Rxf5 gxf5
47. Kd3 Kg6 48. Kc4 Kf7 49. f3 Ke6 50. f4 Kd6 51. Kd3 Kd5 52. Ke2 Ke4 53. Kd2
Kf3 54. Kd3 Kxg3 55. Ke2 Kxf4 56. Kd3 Kg4 57. Ke2 Kxh4 0-1

[Event "Open d'Aubagne 2018-2019"]
[Site "Aubagne"]
[Date "2018.11.24"]
[Round "3.11"]
[White "Pentcheff, Laura"]
[Black "Deregnaucourt, Yves"]
[Result "1/2-1/2"]
[WhiteElo "1609"]
[BlackElo "1645"]
[PlyCount "60"]
[EventDate "2018.??.??"]
[WhiteTeam "Marseille-Echecs"]
[BlackTeam "Cercle d'Echecs Aubagnais"]

1. d4 f5 2. c4 Nf6 3. Nf3 g6 4. g3 Bg7 5. Bg2 d6 6. O-O O-O 7. Nc3 Qe8 8. Qb3
c6 9. d5 Na6 10. dxc6 bxc6 11. Nd4 Ne4 12. Nxe4 fxe4 13. Nc2 Nc5 14. Qe3 Rb8
15. Rb1 Qf7 16. b3 Bf5 17. Ba3 Ne6 18. Bxe4 Bxe4 19. Qxe4 Ng5 20. Qxc6 Nh3+ 21.
Kg2 Nxf2 22. Bc1 Qf5 23. Qd5+ Qxd5+ 24. cxd5 Ne4 25. Ne3 Rxf1 26. Kxf1 Rf8+ 27.
Ke1 Bc3+ 28. Kd1 Bg7 29. Ke1 Bc3+ 30. Kd1 Bg7 1/2-1/2

[Event "Open d'Aubagne 2018-2019"]
[Site "Aubagne"]
[Date "2018.11.24"]
[Round "3.12"]
[White "Bertrand, Frederic"]
[Black "Rieu, Jean"]
[Result "1-0"]
[WhiteElo "1548"]
[BlackElo "1186"]
[PlyCount "65"]
[EventDate "2018.??.??"]
[WhiteTeam "Cercle d'Echecs Aubagnais"]
[BlackTeam "U.S.C.M."]

1. e4 e6 2. d4 b6 3. Nf3 Bb7 4. Bd3 Nc6 5. c3 Nf6 6. Bg5 h6 7. Bh4 Be7 8. Bg3
Nh5 9. Ne5 Nxg3 10. Nxc6 Bxc6 11. hxg3 Bb7 12. Qg4 Bf6 13. e5 Bxg2 14. Rh2 Bg5
15. Rxg2 h5 16. Qe2 h4 17. Rh2 Rh6 18. Nd2 hxg3 19. Rxh6 gxh6 20. fxg3 Bxd2+
21. Qxd2 Qg5 22. Qxg5 hxg5 23. Be4 O-O-O 24. O-O-O g4 25. Rf1 Rf8 26. Bg6 Rh8
27. Bxf7 Rf8 28. Kd2 Kb8 29. Ke2 c5 30. Bg6 Rh8 31. Rf7 Rh2+ 32. Rf2 Rxf2+ 33.
Kxf2 1-0

[Event "Open d'Aubagne 2018-2019"]
[Site "Aubagne"]
[Date "2018.11.24"]
[Round "3.13"]
[White "Gamblin, Vincent"]
[Black "Bonavia, Mathis"]
[Result "1-0"]
[WhiteElo "1488"]
[BlackElo "1180"]
[PlyCount "77"]
[EventDate "2018.??.??"]
[WhiteTeam "L'Echiquier du Roy René"]
[BlackTeam "La Ciotat Echecs (LCE)"]

1. e4 c6 2. d4 d5 3. e5 f6 4. exf6 Nxf6 5. Nf3 Bf5 6. Bg5 Nbd7 7. Be2 Ne4 8.
Be3 g6 9. O-O Bg7 10. Nh4 e6 11. Nxf5 exf5 12. Nd2 Ndf6 13. f3 Nxd2 14. Qxd2
O-O 15. Rfe1 Re8 16. a4 Re6 17. c4 Qe7 18. Bf4 Re8 19. Kf2 Nh5 20. Bg5 Bxd4+
21. Kf1 Be3 22. Bxe3 Rxe3 23. cxd5 Rd8 24. Bc4 Rxe1+ 25. Rxe1 Qf7 26. Qd4 cxd5
27. Ba2 b6 28. Rc1 Nf6 29. b4 Kf8 30. Rc6 Ng8 31. Qe5 Ne7 32. Rf6 Rc8 33. Rxf7+
Kxf7 34. Bxd5+ Kf8 35. Kf2 Rc2+ 36. Kg3 f4+ 37. Kxf4 Rxg2 38. Be6 Nf5 39. Bxf5
1-0

[Event "Open d'Aubagne 2018-2019"]
[Site "Aubagne"]
[Date "2018.11.24"]
[Round "3.14"]
[White "Tramarin, Esteban"]
[Black "Cavanihac, Claude"]
[Result "0-1"]
[WhiteElo "1170"]
[BlackElo "1487"]
[PlyCount "76"]
[EventDate "2018.??.??"]
[WhiteTeam "La Ciotat Echecs (LCE)"]
[BlackTeam "Cercle d'Echecs Aubagnais"]

1. c4 f5 2. Nc3 Nf6 3. d4 c6 4. Nf3 e6 5. g3 Be7 6. Bg2 d5 7. b3 Bb4 8. Qc2 Ne4
9. Bd2 Nxd2 10. Nxd2 Qa5 11. Ndb1 Nd7 12. O-O Nf6 13. f3 O-O 14. e4 Bd7 15.
cxd5 exd5 16. exf5 c5 17. a3 cxd4 18. axb4 Qxa1 19. Na2 d3 20. Qd2 Qd4+ 21. Kh1
Rac8 22. Na3 a6 23. Rc1 Bxf5 24. b5 Rxc1+ 25. Nxc1 Qa1 26. h4 Rc8 27. bxa6 bxa6
28. g4 Rxc1+ 29. Kh2 Qe5+ 30. f4 Nxg4+ 31. Kg3 Re1 32. Bf3 Qe3 33. Qxe3 Rxe3
34. b4 d2 35. Nc2 Rxf3+ 36. Kxf3 d1=Q+ 37. Kg2 Qxc2+ 38. Kf3 Qf2# 0-1

[Event "Open d'Aubagne 2018-2019"]
[Site "Aubagne"]
[Date "2018.11.24"]
[Round "3.15"]
[White "Bonnefond, Liv"]
[Black "Cureau, Dominique"]
[Result "0-1"]
[WhiteElo "1120"]
[BlackElo "1438"]
[PlyCount "133"]
[EventDate "2018.??.??"]
[WhiteTeam "Cassis Echecs"]
[BlackTeam "Echiquier Marseillais 1872"]

1. d4 Nf6 2. c4 e6 3. Nf3 d6 4. g3 Be7 5. Bg2 O-O 6. O-O Nbd7 7. Nc3 c5 8. Re1
cxd4 9. Nxd4 Rb8 10. Ncb5 a6 11. Na7 Nb6 12. Nxc8 Qxc8 13. b3 d5 14. cxd5 Nbxd5
15. Bb2 Rd8 16. Rc1 Qd7 17. Nf3 Bb4 18. Rf1 Bd6 19. Re1 Rbc8 20. e4 Rxc1 21.
Bxc1 Nc3 22. Qc2 Ncxe4 23. Rxe4 Nxe4 24. Qxe4 Be7 25. Bb2 Qd1+ 26. Bf1 Rd5 27.
Kg2 Rd7 28. Be2 Qd6 29. Be5 Qd5 30. Qg4 f6 31. Bf4 Qe4 32. Bc4 f5 33. Qh3 Bf6
34. Qh5 Rf7 35. Bg5 Bxg5 36. Qxg5 Rf6 37. h4 b5 38. Bf1 h6 39. Qh5 f4 40. g4
Rg6 41. Be2 Kh7 42. Bf1 Qf5 43. Ng5+ Rxg5 44. hxg5 Qe4+ 45. f3 Qc2+ 46. Kg1
Qc5+ 47. Kg2 Qc2+ 48. Kh3 Qg6 49. Qh4 Qxg5 50. Bd3+ g6 51. Qe1 e5 52. Qc3 h5
53. Qc7+ Kh6 54. Qc8 hxg4+ 55. fxg4 Qf6 56. g5+ Kxg5 57. Qg4+ Kh6 58. Kg2 Qg5
59. Kf3 Qxg4+ 60. Kxg4 g5 61. a4 bxa4 62. bxa4 a5 63. Kf5 Kh5 64. Be2+ Kh4 65.
Kxe5 Kg3 66. Ke4 g4 67. Bf1 0-1

[Event "Open d'Aubagne 2018-2019"]
[Site "Aubagne"]
[Date "2018.11.24"]
[Round "3.16"]
[White "Desjardins, Rene"]
[Black "Madi, Walid"]
[Result "1-0"]
[WhiteElo "1437"]
[BlackElo "1164"]
[PlyCount "55"]
[EventDate "2018.??.??"]
[WhiteTeam "Cercle d'Echecs Aubagnais"]
[BlackTeam "La Ciotat Echecs (LCE)"]

1. d4 Nf6 2. c4 e5 3. dxe5 Ng4 4. Qd4 Bb4+ 5. Bd2 Bxd2+ 6. Nxd2 Qg5 7. Ngf3 Qg6
8. e3 Nc6 9. Qc3 O-O 10. Bd3 Qe6 11. Bxh7+ Kh8 12. Bc2 Ngxe5 13. Nxe5 Nxe5 14.
b3 Ng6 15. Nf3 Qg4 16. O-O b6 17. h3 Qe6 18. Ng5 Qc6 19. Be4 Qd6 20. Bxa8 c6
21. Rad1 Qb8 22. Qd3 Qxa8 23. Nxf7+ Rxf7 24. Qxg6 Rf6 25. Qe8+ Kh7 26. Rxd7 Rg6
27. Rd8 c5 28. Qh8# 1-0

[Event "Open d'Aubagne 2018-2019"]
[Site "Aubagne"]
[Date "2018.11.24"]
[Round "3.17"]
[White "Vicari-Vento, Salvatore"]
[Black "Masson, Wally"]
[Result "0-1"]
[WhiteElo "1396"]
[BlackElo "1145"]
[PlyCount "112"]
[EventDate "2018.??.??"]
[WhiteTeam "Club Provence Echecs"]
[BlackTeam "Cercle d'Echecs Aubagnais"]

1. e4 e5 2. Nf3 Nc6 3. Bb5 Nf6 4. d3 d5 5. Bxc6+ bxc6 6. O-O Bd6 7. Re1 Bg4 8.
h3 Bh5 9. Nbd2 O-O 10. c3 Re8 11. Nf1 h6 12. Ng3 Rb8 13. Nxh5 Nxh5 14. g3 Qf6
15. Nh2 Bc5 16. Rf1 Nxg3 17. Ng4 Qh4 18. Kg2 Nxf1 19. Qxf1 dxe4 20. dxe4 Rbd8
21. Qe2 h5 22. Nh2 g6 23. Nf3 Qf6 24. Bg5 Qd6 25. Bxd8 Rxd8 26. Kf1 Qd3 27. h4
Qb5 28. Qxb5 cxb5 29. Nxe5 Rd2 30. f3 Rf2+ 31. Ke1 Rh2 32. Rd1 Bf2+ 33. Ke2
Bg3+ 34. Ke3 Bxe5 35. Rd5 Bf6 36. Rxb5 a6 37. Rb7 c5 38. Rb6 Bxh4 39. a4 Bg5+
40. Kd3 Bc1 41. b4 cxb4 42. cxb4 Rh3 43. Kc2 Ba3 44. b5 axb5 45. Rxb5 Rxf3 46.
a5 f5 47. exf5 Rxf5 48. Rb8+ Kg7 49. a6 Bc5 50. Kc3 h4 51. Rc8 h3 52. a7 Bxa7
53. Rc7+ Rf7 54. Rc4 h2 55. Rh4 Bb8 56. Kd4 Rf1 0-1

[Event "Open d'Aubagne 2018-2019"]
[Site "Aubagne"]
[Date "2018.11.24"]
[Round "3.18"]
[White "Morata, Serge"]
[Black "Salvi, Angele"]
[Result "1/2-1/2"]
[WhiteElo "1343"]
[BlackElo "1072"]
[PlyCount "100"]
[EventDate "2018.??.??"]
[WhiteTeam "Cercle d'Echecs Aubagnais"]
[BlackTeam "La Ciotat Echecs (LCE)"]

1. e4 c5 2. Nf3 d6 3. Bc4 Nf6 4. d3 Nbd7 5. c3 e6 6. Bg5 Be7 7. Nbd2 O-O 8. O-O
Nb6 9. Bb3 Bd7 10. c4 a5 11. a4 Bc6 12. Re1 h6 13. Bh4 e5 14. Nf1 Bd7 15. h3
Re8 16. N1h2 Nc8 17. Bc2 Na7 18. b3 Rb8 19. Qd2 Nc6 20. Rf1 Nd4 21. Nxd4 exd4
22. Rae1 Nxe4 23. Rxe4 Bxh4 24. Rxe8+ Bxe8 25. Nf3 Qf6 26. Bd1 Bd7 27. Nxh4
Qxh4 28. Kh2 b6 29. Re1 f5 30. g3 Qf6 31. f4 Kh7 32. Re2 Bc6 33. Qe1 Bd7 34.
Re7 Re8 35. Rxe8 Bxe8 36. Qxe8 g5 37. Qd7+ Kg6 38. Qc6 Qe6 39. Qxb6 gxf4 40.
gxf4 Qe1 41. Qxd6+ Kh7 42. Qd7+ Kg6 43. Qc6+ Kh7 44. Qf3 Qd2+ 45. Be2 Qb4 46.
Kg2 Qxb3 47. Bd1 Qb2+ 48. Kf1 Qd2 49. Qb7+ Kg6 50. Qa6+ Kh7 1/2-1/2

[Event "Open d'Aubagne 2018-2019"]
[Site "Aubagne"]
[Date "2018.11.24"]
[Round "3.19"]
[White "Ulloa, Philippe"]
[Black "Lognos, Lina"]
[Result "1-0"]
[WhiteElo "1328"]
[BlackElo "1061"]
[PlyCount "43"]
[EventDate "2018.??.??"]
[WhiteTeam "Cercle d'Echecs Aubagnais"]
[BlackTeam "Cercle d'Echecs Aubagnais"]

1. d4 Nf6 2. c4 e6 3. a3 b6 4. Nc3 Bb7 5. Qc2 Be7 6. e4 O-O 7. Nf3 c6 8. Bd3 d5
9. e5 Nfd7 10. Bxh7+ Kh8 11. Bd3 c5 12. cxd5 exd5 13. Be3 a6 14. Qe2 cxd4 15.
Nxd4 g6 16. Bf4 Bc5 17. Qe3 Nc6 18. Qh3+ Kg8 19. Ne6 fxe6 20. Qxe6+ Kg7 21.
Bh6+ Kxh6 22. Qxg6# 1-0

[Event "Open d'Aubagne 2018-2019"]
[Site "Aubagne"]
[Date "2018.11.24"]
[Round "3.20"]
[White "Frontera, Pierre"]
[Black "Pentcheff, Julie"]
[Result "1/2-1/2"]
[WhiteElo "1284"]
[BlackElo "1174"]
[PlyCount "92"]
[EventDate "2018.??.??"]
[WhiteTeam "Cercle d'Echecs Aubagnais"]
[BlackTeam "Marseille-Echecs"]

1. e4 c6 2. d4 d5 3. e5 Bf5 4. Nf3 e6 5. Be2 c5 6. c3 Nc6 7. O-O cxd4 8. cxd4
Nb4 9. Na3 Be7 10. Bb5+ Nc6 11. Bd2 a6 12. Bxc6+ bxc6 13. Rc1 Bxa3 14. bxa3 Ne7
15. Bg5 Rc8 16. Qa4 Qb6 17. Rc3 h6 18. Bxe7 Kxe7 19. Rfc1 Kd7 20. Rb3 Qa7 21.
h3 Rc7 22. Qb4 Rhc8 23. Rbc3 a5 24. Qd6+ Ke8 25. Rxc6 Rxc6 26. Rxc6 Qb7 27. Rb6
Qc7 28. Qxc7 Rxc7 29. Rb8+ Ke7 30. Ra8 Rc2 31. Ra7+ Ke8 32. Rxa5 Rxa2 33. Ra7
Ra1+ 34. Kh2 Ra2 35. Kg3 g6 36. a4 Bd3 37. h4 Bb5 38. a5 Ra3 39. Kf4 Ra2 40.
Kg3 Ra3 41. Kh2 Ra2 42. Kg3 Ra3 43. Kg4 Ra2 44. Kg3 Ra3 45. Ra8+ Ke7 46. Kh2
Ra2 1/2-1/2

[Event "Open d'Aubagne 2018-2019"]
[Site "Aubagne"]
[Date "2018.11.24"]
[Round "3.21"]
[White "Bedhouche, Rayan"]
[Black "Moerenhout, Jean Claude"]
[Result "0-1"]
[WhiteElo "1160"]
[BlackElo "1284"]
[PlyCount "66"]
[EventDate "2018.??.??"]
[WhiteTeam "Marseille-Echecs"]
[BlackTeam "Cercle d'Echecs Aubagnais"]

1. e4 d5 2. exd5 Qxd5 3. Nf3 Bg4 4. Be2 Bxf3 5. Bxf3 Qb5 6. Nc3 Qb6 7. Nd5 Qd6
8. d3 e5 9. Bd2 c6 10. Bb4 c5 11. Bd2 Nd7 12. O-O Ngf6 13. Nxf6+ Nxf6 14. Bxb7
Rb8 15. Qf3 Be7 16. Bc3 O-O 17. Rfe1 Qb6 18. Bc6 Rbc8 19. Be4 Bd6 20. Bf5 Rce8
21. Rab1 a5 22. Re3 Qd8 23. Bxe5 Bxe5 24. c3 Qd6 25. Rbe1 Bxh2+ 26. Kh1 Be5 27.
Qh3 g6 28. Bg4 Nd5 29. Re4 f5 30. Bxf5 Rxf5 31. Rh4 Nf6 32. g4 Rxf2 33. Kg1 Rh2
0-1

[Event "Open d'Aubagne 2018-2019"]
[Site "Aubagne"]
[Date "2018.11.10"]
[Round "3.22"]
[White "Marchis Mouren, Emma"]
[Black "Shelar, Manasvi"]
[Result "1-0"]
[WhiteElo "1111"]
[BlackElo "1280"]
[PlyCount "103"]
[EventDate "2018.??.??"]
[WhiteTeam "Cassis Echecs"]
[BlackTeam "L'Echiquier du Roy René"]

1. Nf3 d5 2. g3 Nf6 3. Bg2 Bg4 4. O-O Nc6 5. d3 h6 6. c4 e6 7. cxd5 exd5 8. Nc3
Bb4 9. a3 Bxc3 10. bxc3 O-O 11. Rb1 Rb8 12. d4 Ne4 13. Bb2 Re8 14. Re1 Bf5 15.
Ra1 Re7 16. Nd2 Na5 17. Nxe4 dxe4 18. e3 b5 19. Qc2 Qd5 20. a4 bxa4 21. Ba3 Re6
22. Qxa4 Nc4 23. Qxa7 Ree8 24. Qxc7 Nxa3 25. Rxa3 Rbc8 26. Qa5 Qxa5 27. Rxa5
Rxc3 28. Rxf5 Kf8 29. Rb1 g6 30. Rc5 Rxc5 31. dxc5 f5 32. Bf1 Rc8 33. Rc1 Ke7
34. Bb5 Rc7 35. c6 Kd6 36. Kg2 h5 37. f3 Ke5 38. f4+ Kf6 39. Rd1 g5 40. Rd6+
Kg7 41. Rd7+ Rxd7 42. cxd7 Kg6 43. d8=Q gxf4 44. gxf4 Kg7 45. Qg5+ Kf8 46. Qf6+
Kg8 47. Qe7 Kh8 48. Kh3 Kg8 49. Kh4 Kh8 50. Kg5 h4 51. Kg6 Kg8 52. Qg7# 1-0

[Event "Open d'Aubagne 2018-2019"]
[Site "Aubagne"]
[Date "2018.11.10"]
[Round "3.23"]
[White "Labriaud, Gilles"]
[Black "Pegon, Claude"]
[Result "1-0"]
[WhiteElo "1276"]
[BlackElo "1088"]
[PlyCount "105"]
[EventDate "2018.??.??"]
[WhiteTeam "La Ciotat Echecs (LCE)"]
[BlackTeam "Cassis Echecs"]

1. e4 c5 2. Bc4 e6 3. Nc3 a6 4. a4 b6 5. Nf3 d6 6. O-O g6 7. d3 Bg7 8. Bd2 Ne7
9. h3 O-O 10. Qc1 Nbc6 11. Bh6 Nd4 12. Nxd4 cxd4 13. Ne2 d5 14. exd5 exd5 15.
Bb3 Nf5 16. Bxg7 Kxg7 17. Qf4 Re8 18. Nxd4 Qd7 19. Nxf5+ Qxf5 20. Qxf5 Bxf5 21.
Bxd5 Rac8 22. Bb3 Be6 23. Bxe6 Rxe6 24. c3 Re2 25. Rab1 f5 26. Rfe1 Rce8 27.
Rxe2 Rxe2 28. Kf1 Re5 29. Re1 Kf6 30. Rxe5 Kxe5 31. Ke2 Kd5 32. Ke3 g5 33. f4
h6 34. g4 Ke6 35. b4 fxg4 36. hxg4 gxf4+ 37. Kxf4 Kd5 38. Ke3 Kc6 39. Ke4 Kd6
40. d4 Kc6 41. Ke5 a5 42. d5+ Kd7 43. bxa5 bxa5 44. c4 Kc7 45. Ke6 h5 46. gxh5
Kb6 47. d6 Kc5 48. d7 Kxc4 49. d8=Q Kb4 50. Qb6+ Kxa4 51. Kd5 Ka3 52. Kc4 Ka2
53. Kc3 1-0